LIBRARY & INFORMATION CENTRE, KCAET, TAVANUR

ONLINE PUBLIC ACCESS CATALOGUE (OPAC)

Elements of Workshop Technology: vol-2 Machine Tools / (Record no. 9207)

MARC details
000 -LEADER
fixed length control field 00522cam a2200181ua 4500
020 ## - INTERNATIONAL STANDARD BOOK NUMBER
ISBN 8185099154
082 ## - DEWEY DECIMAL CLASSIFICATION NUMBER
Classification number 621.9
Item number HAJ/EL
100 ## - MAIN ENTRY--AUTHOR NAME
Personal name Hajara choudhary, S K .
245 ## - TITLE STATEMENT
Title Elements of Workshop Technology: vol-2 Machine Tools /
250 ## - EDITION STATEMENT
Edition statement 7 / 13 th rev & en
260 ## - PUBLICATION, DISTRIBUTION, ETC. (IMPRINT)
Place of publication Mumbai :
Name of publisher Media Promoters and Publishers Pvt Ltd ,
Year of publication 1985,2013
300 ## - PHYSICAL DESCRIPTION
Number of Pages 648 ; .
500 ## - GENERAL NOTE
General note *CSS
700 1# - ADDED ENTRY--PERSONAL NAME
Personal name Bose, S K.
700 1# - ADDED ENTRY--PERSONAL NAME
Personal name Hajra Choudhury, A K.
700 1# - ADDED ENTRY--PERSONAL NAME
Personal name Nirjhar Roy
942 ## - ADDED ENTRY ELEMENTS (KOHA)
Koha item type Books
Holdings
Withdrawn status Lost status Damaged status Home library Current library Date acquired Full call number Accession Number Koha item type Collection code Shelving location Cost, normal purchase price Source of acquisition
Withdrawn     KAUAET KAUAET 02/10/1986 621.9 14780 Books        
      KAUAET KAUAET 07/04/2012 621.9 HAJ/EL 17946 Books        
      KAUAET KAUAET 07/04/2012 621.9 HAJ/EL 21156 Books        
      KAUAET KAUAET 07/04/2012 621.9 HAJ/EL 21724 Books        
      KAUAET KAUAET 31/03/2012 621.9 HAJ/EL 23173 Books Non-fiction General Stacks 250.00  
      KAUAET KAUAET 31/03/2012 621.9 HAJ/EL 23174 Books Non-fiction General Stacks 250.00  
      KAUAET KAUAET 31/03/2012 621.9 HAJ/EL 23175 Books Non-fiction General Stacks 250.00  
      KAUAET KAUAET 31/03/2012 621.9 HAJ/EL 23176 Books Non-fiction General Stacks 250.00  
      KAUAET KAUAET 31/03/2012 621.9 HAJ/EL 23177 Books Non-fiction General Stacks 250.00  
      KAUAET KAUAET 31/03/2012 621.9 HAJ/EL 23178 Books Non-fiction General Stacks 250.00  
      KAUAET KAUAET 31/03/2012 621.9 HAJ/EL 23179 Books Non-fiction General Stacks 250.00  
      KAUAET KAUAET 31/03/2012 621.9 HAJ/EL 23180 Books Non-fiction General Stacks 250.00  
      KAUAET KAUAET 31/03/2012 621.9 HAJ/EL 23181 Books Non-fiction General Stacks 250.00  
      KAUAET KAUAET 31/03/2012 621.9 HAJ/EL 23182 Books Non-fiction General Stacks 250.00  
      KAUAET KAUAET 31/03/2012 621.9 HAJ/EL 23183 Books Non-fiction General Stacks 250.00  
      KAUAET KAUAET 31/03/2012 621.9 HAJ/EL 23184 Books Non-fiction General Stacks 250.00  
      KAUAET KAUAET 31/03/2012 621.9 HAJ/EL 23185 Books Non-fiction General Stacks 250.00  
      KAUAET KAUAET 31/03/2012 621.9 HAJ/EL 23186 Books Non-fiction General Stacks 250.00  
      KAUAET KAUAET 31/03/2012 621.9 HAJ/EL 23187 Books Non-fiction General Stacks 250.00  
      KAUAET KAUAET 25/08/2016 621.9 HAJ/EL BB 250 Book Bank scheme for SC students   Scheme 260.00 Cosmo Books, Calicut.
      KAUAET KAUAET 06/09/2018 621.9 HAJ/EL 18239 Book Bank scheme for SC students   Scheme    
      KAUAET KAUAET 07/09/2018 621.9 HAJ/EL 17947 Book Bank scheme for SC students   Scheme    
free website counter